000
00324nam a2200133Ia 4500
008
220204s9999 xx 000 0 und d
082
_a
658.562(035)
_b
JUR
245
0
_a
Quality control handbook
250
_a
Ed.3
260
_a
New York
_b
McGraw Hill
_c
1974
650
_a
Quality control
700
_a
Juran, J
942
_c
BK
999
_c
28434
_d
28434